00333nam a2200109Ia 450000500170000000800410001708200190005824500310007726000390010830000120014750000640015920250305053805.0240331s9999 xx 000 0 und d bBAR22612a920 0aBarathiyaippatti Nanparkal aChennaibVanathi Pathippakamc1982 a267 p., aLife and work of the poet Barathiyar as told by his friends